Statistics for Scottish Premiership footballers

Click here to take the quiz!

General Stats

  • This quiz has been taken 47 times
  • The average score is 8 of 15

Answer Stats

Answer% Correct
Kenny Miller
98%
Henrik Larsson
91%
George Best
84%
Shunsuke Nakamura
79%
Tore Andre Flo
67%
Stiliyan Petrov
67%
Steven Pressley
65%
Scott McDonald
58%
Pedro Mendes
49%
Gary Hooper
37%
Ryan McGowan
33%
Mark Wilson
28%
Carlos Bocanegra
28%
Alex Neil
26%
Dorin Goian
23%

Score Distribution

Percentile by Number Answered

Percent of People with Each Score

Your Score History

You have not taken this quiz